| 000 | 01438cam a22001694a 4500 | ||
|---|---|---|---|
| 005 | 20250605163316.0 | ||
| 008 | 250528s ||||||||||||||||||||||||d | ||
| 035 | _a16561 | ||
| 040 |
_aGR-AtMCL _bgre _dGR-AtMCL _eAACR2 |
||
| 245 | 1 | _aΛευκή Βίβλος / Για τις Ενοπλές Δυνάμεις 1996-1997 | |
| 260 |
_bΥπουργείο Εθνικής Άμυνας, _c1997 |
||
| 300 | _a144 | ||
| 520 | _aΗ Ελλάδα στη Νέα Εποχή, Η Γεωστρατηγική Θέση της Ελλάδας, Η Νέα Διεθνής Τάξη, Ο Ρόλος της Ελλάδας στα Βαλκάνια και την Ανατολική Μεσόγειο, Το Στρατηγικό Πλαίσιο της Εθνικής Άμυνας, Η Πολιτική Εθνικής Άμυνας, Η Αμυντική Διπλωματία, Η Ελληνική Συνεισφορά στη Διεθνή Ασφάλεια, Διεθνείς Σχέσεις, Οργάνωση και Λειτουργία των Ενόπλων Δυνάμεων, Το Ανθρώπινο Δυναμικό των Ενόπλων Δυνάμεων, Οι Υποδομές των Ελληνικών Ενόπλων Δυνάμεων, Οι Αμυντικές Δαπάνες, Η Κοινωνική Προσφορά των Ενόπλων Δυνάμεων, Η Εθνική Μετεωρολογική Υπηρεσία. | ||
| 942 | _cBK | ||
| 999 |
_c2053 _d2053 |
||